Statistics for Every NHL goalie in the 2010s

Click here to take the quiz!

General Stats

  • This quiz has been taken 7 times
  • The average score is 100 of 225

Answer Stats

PlayerTeam(s)% Correct
Andrei VasilevskiTBL
100%
Antti RaantaCHI NYR ARI CAR
100%
Braden HoltbyWSH
100%
Carter HartPHI prison
100%
Chris OsgoodDET NYI STL
100%
Connor HellebuyckWPG
100%
Craig AndersonOTT WSH BUF
100%
Henrik LundqvistNYR
100%
Ilya SamsonovWSH TOR
100%
Jacob MarkströmFLA VAN CGY
100%
Jake AllenSTL MTL
100%
Jeremy SmithCOL
100%
Jonathan QuickLAK
100%
Juuse SarosNSH
100%
Linus UllmarkBUF BOS
100%
Marc-Andre FleuryPIT
100%
Mike SmithTBL ARI CGY EDM
100%
Philipp GrubauerWSH COL
100%
Sergei BobrovskyPHI CBJ FLA
100%
Tuukka RaskBOS
100%
Adin HillSJS VGK
83%
Ben BishopSTL TBL LAK DAL
83%
Cameron TalbotEDM CGY OTT LAK
83%
Carey PriceMTL
83%
Christopher GibsonNYI TBL
83%
Cory SchneiderVAN NJD
83%
Elvis MerzlikinsCBJ
83%
Frederik AndersenANA TOR CAR
83%
James ReimerTOR FLA SJS DET
83%
John GibsonANA
83%
Jordan BinningtonSTL
83%
Martin BrodeurNJD
83%
Matt MurrayPIT OTT TOR
83%
Michael DiPietroVAN
83%
Mike BrodeurOTT
83%
Pekka RinneNSH
83%
Petr MrazekDET CAR TOR CHI
83%
Rick DiPietroNYI
83%
Roberto LuongoVAN FLA
83%
Semyon VarlamovWSH COL NYI
83%
Tim ThomasBOS FLA
83%
Anton ForsbergCBJ OTT
67%
Antti NiemiCHI SJS DAL MTL
67%
Cam WardCAR
67%
Chris MasonNSH STL ATL WPG
67%
Darcy KuemperARI COL WSH
67%
Eddie LäckVAN CAR CGY NJD
67%
Evgeni NabokovSJS NYI TBL
67%
Ilya BryzgalovANA ARI PHI EDM MIN
67%
Jack CampbellLAK TOR EDM
67%
Jean-Sebastien GiguereANA
67%
Jim HowardDET
67%
Jonathan BernierLAK TOR
67%
Joonas KorpisaloCBJ LAK OTT
67%
Justin PetersCAR WASH ARI
67%
Martin JonesPHI SJS SEA TOR
67%
Robin LehnerOTT BUF NYI VGK
67%
Ryan MillerBUF VAN ANA
67%
Steve MasonCBJ PHI
67%
Thatcher DemkoVAN
67%
Tristan JarryNYR
67%
Aaron DellBUF SJS
50%
Alexandar GeorgievNYR COL
50%
Alex LyonFLA DET
50%
Al MontoyaNYI WPG FLA MTL
50%
Anthony StolarzPHI EDM ANA FLA
50%
Anton KhudobinBOS CAR DAL CHI
50%
Brent JohnsonSTL WASH PIT
50%
Brian ElliottOTT STL PHI TBL
50%
Carter HuttonNSH STL BUF
50%
Casey DeSmithPIT VAN
50%
Chad JohnsonNYR NYI BUF STL ANA
50%
Charlie LindgrenMTL WSH
50%
Corey CrawfordCHI
50%
Curtis McElhinneyCGY CBJ TOR TBL
50%
Dan EllisNSH ANA TBL FLA CAR
50%
David RittichCGY TOR NSH WPG LAK
50%
Devan DubnykEDM MIN
50%
Dwayne RolosonCGY BUF MIN EDM NYI TBL
50%
Igor ShesterkinNYR
50%
Jaroslav HalakMTL STL NYI BOS
50%
Kari LehtonenDAL
50%
Laurent BrossoitWPG VGK
50%
Louis DomingueARI TBL PIT NYR
50%
Mackenzie BlackwoodNJD SJS
50%
Malcolm SubbanBOS VGK CHI BUF CBJ
50%
Marty TurcoDAL CHI BOS
50%
Miikka KiprusoffSJS CGY
50%
Nikolai KhabibulinWPG ARI TBL CHI EDM
50%
Pavel FrancouzCOL
50%
Ray EmerySEN PHI CHI
50%
Samuel MontembeaultFLA MTL
50%
Scott DarlingCHI CAR
50%
Alexander NedeljkovicFLA DET
33%
Alex AuldVAN OTT BOS DAL MTL
33%
Alex StalockSJS MIN CHI
33%
Anders LindbäckNSH TBL BUF ARI DAL
33%
Anders NilssonNYI STL EDM BUF VAN OTT
33%
Andrew HammondOTT MTL NJD
33%
Andrew RaycroftBOS TOR DAL
33%
Antero NiittymäkiPHI TBL SJS
33%
Antoine BibeauTOR COL
33%
Ben ScrivensTOR EDM LAK MTL
33%
Brian FosterFLA
33%
Cal PetersenLAK PHI
33%
Calvin PickardCOL DET EDM
33%
Cayden PrimeauMTL
33%
Collin DeliaCHI VAN
33%
David AyresTOR
33%
Dustin TokarskiTBL MTl BUF
33%
Eric ComrieWPG BUF
33%
Garret SparksTOR VGK LAK
33%
Harri SäteriFLA ARI
33%
Jason LaBarberaNYR LAK ARI ANA
33%
Jean-Francois BerubeNYI CHI CBJ
33%
Jeff ZatkoffPIT LAK
33%
Joacim ErikssonVAN
33%
Johan HedbergPIT ATL NJD
33%
Jonas GustavssonTOR DET BOS
33%
Jonas HillerANA CGY
33%
Jonas JohanssonBUF COL TBL
33%
José ThéodoreMTL WSH
33%
Josh HardingMIN
33%
Kaapo KähkönenSJS NJD MIN
33%
Karri RämöTBL CGY
33%
Keith KinkaidNJD NYR COL BOS
33%
Kent SimpsonCHI
33%
Kristers GudlevskisTBL
33%
Magnus HellbergNYR DET PIT
33%
Marcus HögbergOTT
33%
Marek MazanecNSH
33%
Martin BironBUF PHI NYR NYI
33%
Martin GerberANA CAR OTT
33%
Mathieu GaronMTL LAK EDM CBJ TBL
33%
Matiss KivlenieksCBJ
33%
Matthew O'ConnorOTT
33%
Maxime LagaceVGK PIT TBL
33%
Michael HutchinsonWPG TOR CBJ
33%
Michal NeuvirthWSH BUF PHI
33%
Mike CondonMTL OTT
33%
Mike LeightonCHI CAR PHI
33%
Mike MurphyCAR
33%
Mikko KoskinenNYI EDM
33%
Niklas BäckströmMIND CGY
33%
Ondrej PavelecATL WIN
33%
Oscar DanskVGK
33%
Patrick LalimeOTT CHI BUF
33%
Peter BudajCOL LAK MTL TBL
33%
Pheonix CopleyWSH LAK
33%
Roman WillCOL
33%
Scott ClemmensenNJD FLA
33%
Scott FosterCHI
33%
Scott WedgewoodNJD ARI DAL
33%
Spencer MartinCOL VAN CAR CBJ
33%
Thomas GreissSJS NYI DET STL
33%
Tomas VokounNSH FLA WSH PIT
33%
Viktor FasthANA EDM
33%
Adam WernerCOL
17%
Adam WilcoxBUF
17%
Allen YorkCBJ
17%
Andrei MakarovBUF
17%
Brad ThiessenPIT
17%
Brandon HalversonNYR
17%
Brian BoucherPHI ARI SJS
17%
Cal HeeterPHI
17%
Cedrick DesjardinsTBL
17%
Chris DriedgerFLA SEA
17%
Connor KnappBUF
17%
Cristopher NihlstorpDAL
17%
Curtis SanfordSTL VAN CBJ
17%
Daniel TaylorLAK CGY OTT
17%
David LeNeveuARI CBJ
17%
Drew MacIntyreVAN BUF TOR
17%
Dylan FergusonVGK OTT
17%
Eddie PasqualeTBL
17%
Gilles SennNJD
17%
Henrik KarlssonCGY
17%
Hunter MiskaARI COL
17%
Iiro TarkkiANA
17%
Jared CoreauDET
17%
Jason KasdorfBUF
17%
Jeff Drouin-DeslauriersEDM ANA
17%
Jeff FrazeeNJD
17%
Jeff GlassCHI
17%
Jhonas EnrothBUF DAL LAK TOR
17%
Joey DaccordOTT SEA
17%
Joey MacDonaldDET NYI TOR CGY
17%
John CurryPIT MIN
17%
Jon GilliesCGY NJD
17%
Joni OrtioCGY
17%
Jorge AlvesCAR
17%
Jussi RynnäsTOR DAL
17%
Kaden FulcherDET
17%
Kasimir KaskisuoTOR NSH
17%
Ken ApplebyNJD NYI
17%
Kevin BoyleANA
17%
Kevin PoulinNYI
17%
Landon BowDAL
17%
Leland IrvingCGY
17%
Mackenzie SkapskiNYR
17%
Marek LanghamerARI
17%
Mark DekanichNSH
17%
Mark VisentinARI
17%
Matt ClimieDAL ARI
17%
Matt HackettMIN BUF
17%
Mike McKennaTBL OTT CBJ DAL
17%
Nathan LawsonNYI OTT
17%
Nathan LieuwenBUF
17%
Niklas SvedbergBOS
17%
Niklas TreutleARI
17%
Pascal LeclaireCBJ OTT
17%
Peter ManninoNYI ATL WPG
17%
Reto BerraCOL CGY FLA
17%
Richard BachmanDAL EDM VAN
17%
Rob ZeppPHI
17%
Sami AittokallioCOL
17%
Sebastien CaronPIT ANA CHI TBL
17%
Shawn HunwickCBJ
17%
Thomas McCollumDET
17%
Timo PielmeierANA
17%
Troy GrosenickSJS LAK
17%
Ty ConklinEDM DET STL
17%
Tyler BunzEDM
17%
Yann DanisMTL NYI NJD EDM
17%
Zane McIntyreBOS
17%

Score Distribution

Percentile by Number Answered

Percent of People with Each Score

Your Score History

You have not taken this quiz